000 00798 a2200265 4500
003 CBULib
005 20250228063004.0
008 241021b |||||||| |||| 00| 0 eng d
020 _a9780128181058
040 _bEnglish
_cCBULib
_erda
041 _aeng
050 _aQA 76.9 Kor
100 _aKoren, Israel
245 _aFault-tolerant systems
_c/ by Israel Koren and C. Mani Krishna
250 _aSecond edition
260 _bElsevier,
_c2021
_aCambridge :
300 _axiii, 402 pages : illustrations
336 _2rdacontent
_aText |
_btxt
337 _2rdamedia
_aUnmediated |
_bn
338 _2rdacarrier
_aVolume
_bnc
650 0 _93781
_aFAULT - TOLERANT COMPUTING
650 0 _93782
_aCOMPUTER SYSTEMS -- REALIABILITY
711 _93784
_aKrishna, C. Mani
942 _2lcc
_c002
999 _c85674
_d85674